000 01641nkm a2200421 c 4500
999 _c211954
_d211954
003 BLK
005 20250225173818.0
008 180413b bul rap|r|||| r0| ||bulo|
010 _aKNG00198425000
020 _a978-619-7339-00-0
040 _aBLK
041 _aBUL
_cBUL
072 7 _2bullib
_aН85
_xДетска художествена литература Н
080 _aФинландска литература
_b821.511.111
_x-93-32
_z821.511.111-93-32
080 _aКарикатура. Комикс
_b741.5
_z741.5
100 1 _aЯнсон, Туве
_eпърви автор
_9365645
139 _aЯнсон, Туве
_bЯ 67
245 1 0 _aМумините и семейният живот
_cТуве Янсон; прев. Анелия Георгиева Петрунова.
257 _aFIN
260 _bПурко
_c2016
300 _a40 с.
_bс ил.
_c16Х22 см
380 _aDX
490 1 _aКомикс поредица Мумините
_vИстория 2
500 _aОриг. загл. Moomin and Family Life / Tove Jansson.
650 4 _aКомикси - издания за деца
_9282145
653 _aкомикси
653 _aлитература за деца
653 _aдетска литература
659 _aН
700 1 _aПетрунова, Анелия Георгиева, 1977-
_9110375
852 _aЦб І 39120
856 4 _qpdf
_u
856 4 _qpdf
_u
942 _cGRA
_n0
_08
_s1
944 _aCR
_c16.12.2016
_lГрета Цуфелде
_k30537
944 _aED
_c05.01.2017
_lф /
_kПенка_Димитрова
999 _d211954